| 000 | 00541pab a2200193 454500 | ||
|---|---|---|---|
| 008 | 180718b2010 xxu||||| |||| 00| 0 eng d | ||
| 100 | _aRowley, Sam | ||
| 245 | _aLeadership through a gender lens: how cultural environments and theoretical perspectives interact with gender | ||
| 260 | _c2010 | ||
| 300 | _ap.81-87. | ||
| 362 | _aJan | ||
| 650 | _aCulture | ||
| 650 | _aLeadership | ||
| 700 | _aBarry, Paul | ||
| 700 | _aHossain, Farhad | ||
| 773 | _aInternational Journal of Public Administration | ||
| 908 | _aN | ||
| 909 | _a86069 | ||
| 999 |
_c86069 _d86069 |
||